| 000 | 00509nam a2200193 a 4500 | ||
|---|---|---|---|
| 005 | 20210223130900.0 | ||
| 008 | 050829s2000 mx r 000 0 spa d | ||
| 020 | _a9682322502 | ||
| 035 | _aUPN01000168045 | ||
| 049 | _aCG | ||
| 050 | 4 |
_aPG3464 S5 _bD5.2a |
|
| 100 | 1 |
_aGorki, Maksim, _d1868-1936 |
|
| 245 | 1 | 0 |
_aDías de infancia / _cMaxim, Gorki. |
| 260 |
_aMéxico : _bSiglo XXI, _c[2000]. |
||
| 300 | _a219 p. | ||
| 440 | 0 | _aEscuchar con los ojos | |
| 650 | 4 |
_aLITERATURA RUSA _9605 |
|
| 905 | _aLibro | ||
| 999 |
_c140154 _d140154 |
||